000 00930cam a2200253 4500
001 B2253
008 090401t1989 xxu||||| |||| 00| 0 eng d
035 _a(Sirsi) u48960
041 _aeng
050 _a333.33094
090 _aRICS 1989/12 A
110 _aInstitution and College Conferences
_92330
245 4 _aThe property investment market:opportunities in Europe. 14 February 1989, The Barbican Centre, London
260 _aLondon
_bInstitution and College Conferences
_c1989
300 _a2 papers ; 4 other items.
350 _a0
520 _aPapers by Stockdale,Keith and Vaughan,Colin . Part of a three-day event entitled the Property Business Show . Other papers from this session in synopsis form only. Programme and participant details included.
650 _aCONFERENCE
650 _aPROPERTY INVESTMENT
650 _aPROPERTY MARKET
650 _aSINGLE MARKET
942 _n0
948 _c04/03/1997
999 _c92445
_d92445